| 000 | 00444nam a22001457a 4500 | ||
|---|---|---|---|
| 008 | 150916b xxu||||| |||| 00| 0 eng d | ||
| 020 | _a9780072982909 | ||
| 050 | _aLB 2395.3 .M55 2006 | ||
| 100 |
_aSpaers Deanne _d2006 |
||
| 245 | _aDeveloping Critical Reading Skills | ||
| 260 |
_aBoston _bMcGraw- Hill _c2006 |
||
| 300 |
_axxiii, 537(11):ill _bincludes index |
||
| 760 | _b7th ed | ||
| 942 |
_2lcc _cBOOKS _hLB 2395.3 .M55 2006 |
||
| 999 |
_c5739 _d5739 |
||